Statystyki dla Prezydenci Olsztyna

Kliknij tutaj aby rozwiązać quiz!

Ogólne statystyki

  • Ten quiz został rozwiązany 5 razy
  • Średni wynik to 5 z 14

Statystyki odpowiedzi

WskazówkaOdpowiedź% Poprawnych
od 10 października 2001 do 20 listopada 2008 (SLD)Czesław Małkowski
100%
od 9 marca 2009 do 21 kwietnia 2024 (bezpartyjny)Piotr Grzymowicz
100%
od 21 kwietnia 2024 (KO)Robert Szewczyk
80%
od 20 lipca 1994 do 3 listopada 1998 (SdRP)Andrzej Ryński
40%
od 3 listopada 1998 do 10 października 2001 (UW)Janusz Cichoń
40%
od 20 kwietnia 1945 do 6 listopada 1945 (bezpartyjny)Bronisław Latosiński
20%
od 30 marca 1949 do 5 czerwca 1950 (PZPR)Czesław Browiński
20%
od 4 lipca 1990 do 1 lipca 1992 (bezpartyjny)Jerzy Bukowski
20%
od 28 października 1971 do 20 grudnia 1977 (PZPR)Jerzy Grelewski
20%
od 1 lipca 1992 do 20 lipca 1994 (bezpartyjny)Józef Grzegorczyk
20%
od 20 grudnia 1977 do 4 lipca 1990 (bezpartyjny)Marek Różycki
20%
od 29 listopada 1948 do 30 marca 1949 (bezpartyjny)Stefan Nafalski
20%
od 6 listopada 1945 do 29 listopada 1948 (PPS)Tadeusz Pałucki
20%
od 21 listopada 2008 do 9 marca 2009 (PO)Tomasz Głażewski
20%

Rozkład punktacji

Percentyl według liczby udzielonych odpowiedzi

Procent ludzi z każdym wynikiem

Twoja historia wyników

Nie rozwiązałeś tego quizu